000
00307nam a2200121Ia 4500
008
220204s9999 xx 000 0 und d
082
_a
339.9
_b
KIN
100
_a
KINDLEBERGER, C P
245
0
_a
International economics
260
_a
Bombay
_b
Taraporevala
_c
1977
650
_a
International trade
942
_c
BK
999
_c
27733
_d
27733